Química 1 : fundamentos /
Guardado en:
| Autor Principal: | |
|---|---|
| Otros Autores: | , |
| Formato: | Libro |
| Publicado: |
Buenos Aires :
Colihue,
2005
|
| Materias: | |
| Etiquetas: |
Agregar Etiqueta
Sin Etiquetas, Sea el primero en etiquetar este registro!
|
| LEADER | 01830nam a22002895a 4500 | ||
|---|---|---|---|
| 001 | CEM.cems018548 | ||
| 005 | 20170308113630.0 | ||
| 008 | 130507s2005##################000#0#####d | ||
| 003 | CEMS | ||
| 020 | |a 9505813430 | ||
| 082 | 0 | 4 | |a 540 |
| 100 | 1 | |a Aldabe, Sara | |
| 245 | 1 | 0 | |a Química 1 : |b fundamentos / |c Sara Aldabe, Pedro Aramendía y Laura Lacreu |
| 260 | |a Buenos Aires : |b Colihue, |c 2005 | ||
| 300 | |a 485 p. | ||
| 500 | |a Programa de Mejoramiento del Sistema Educativo | ||
| 505 | 0 | |a La química y el universo -- Estructura de la materia -- Los átomos y la tabla periódica -- Unión química y estructura molecular -- Gases -- Líquidos, sólidos y cambio de fase -- Mezclas y soluciones -- Cambio y conservación --Clasificación de los compuestos químicos -- La conservación de la masa, de la carga y de la energía -- ¿Cuánto y cuán rápido? -- Cinética química y equilbrio químico -- Unidad y diversidad de las reacciones químicas -- Iones en solución, ácidos, bases y sales -- Reacciones de óxido-reducción y trabajo eléctrico -- Una clasificación de las transformaciones químicas -- La evolución de las ideas de la química -- La química a lo largo de la historia -- Evolución de los modelos de la materia y del cambio | |
| 653 | |a Química | ||
| 700 | 1 | |a Aramendía, Pedro | |
| 700 | 1 | |a Lacreu, Laura | |
| 859 | |a CEMS |b BIB. CEMS - Agricultura |h 540 |i Al21 |p A2870.17 |t Ej.1 | ||
| 859 | |a CEMS |b BIB. CEMS - Agricultura |h 540 |i Al21 |p A2871.17 |t Ej.2 | ||
| 859 | |a CEMS |b BIB. CEMS - Agricultura |h 540 |i Al21 |p A2872.17 |t Ej.3 | ||
| 859 | |a CEMS |b BIB. CEMS - Agricultura |h 540 |i Al21 |p A2873.17 |t Ej.4 | ||
| 859 | |a CEMS |b BIB. CEMS - Agricultura |h 540 |i Al21 |p A2874.17 |t Ej.5 | ||
| 859 | |a CEMS |b BIB. CEMS - Agricultura |h 540 |i Al21 |p A2875.17 |t Ej.6 | ||
| 859 | |a CEMS |b BIB. CEMS - Agricultura |h 540 |i Al21 |p A2876.17 |t Ej.7 | ||
